Представление документа в формате MARC21

Поле Инд. ПП Название Значение
Тип записи a
Библиографический уровень m
001 Контрольный номер RU/IS/BASE/466249399
005 Дата корректировки 20250530144724.7
040 a Служба первич. каталог. НБ ТвГУ
b Код языка каталог. rus
e Правила каталог. PSBO
041 0_ a Код языка текста rus
080 a Индекс УДК 598.2
084 a Индекс другой классификации/Индекс ББК Е693.35
090 a Полочн. индекс 59
x Авторский знак Б 87
100 1_ a Автор Брем Альфред Эдмунд
d Дата 1829-1884
e Роль лиц Автор
245 10 a Заглавие Иллюстрированная жизнь животных
n Номер части/ раздела Т. 3
b Продолж. заглавия всеобщая история животного царства : в 6 т.
c Ответственность А. Брэма, директора Гамбургского зоологического сада ; перевод под редакцией В. А. Зайцева ; с рисунками, сделанными с натуры под руководством Р. Крэчмера
p Название части/ раздела Птицы, вып. 18-21
260 a Место издания Санкт-Петербург
c Дата издания 1868
b Издательство В. Ковалевский
300 a Объем С. 817-992
b Иллюстрации/ тип воспроизводства ил.
c Размеры 26 см
653 0_ a Ключевые слова Биология
a Ключевые слова Зоология
a Ключевые слова Животные
a Ключевые слова Птицы
700 12 a Другие авторы Кречмер Роберт
e Роль лиц худож.
700 12 a Другие авторы Брем Альфред Эдмунд см. Брэм Альфред Эдмунд
e Роль лиц Современное имя автора
901 t Тип документа m
920 a Оператор Поля
a Оператор Рунт
a Оператор Суха
930 a Новая/Ретро ретро
952 c Вид литературы К рн
954 b Дата поступления в ОК 20141010
a Дата поступления на обработку 20160315
954 a Дата поступления на обработку 20210326